10th workshop, Italian research on Antarctic atmosphere and SCAR workshop on oceanography : (Record no. 16010)

000 -LEADER
fixed length control field 01224cam a22002774a 4500
020 ## - INTERNATIONAL STANDARD BOOK NUMBER
ISBN 8874380216
040 ## - CATALOGING SOURCE
Transcribing agency DLC
082 00 - DEWEY DECIMAL CLASSIFICATION NUMBER
Classification number 551 LTA 2004 A084 Or.
245 00 - TITLE STATEMENT
Title 10th workshop, Italian research on Antarctic atmosphere and SCAR workshop on oceanography :
Remainder of title Roma, 22-24 October 2003, Italian National Researdch Council /
246 3# - VARYING FORM OF TITLE
Title proper/short title Tenth workshop, Italian research on Antarctic atmosphere and SCAR workshop on oceanography
246 15 - VARYING FORM OF TITLE
Title proper/short title 10⁰ workshop, ricerche italiane sull'atmosfera Antartica e SCAR workshop sull'oceanografia
246 3# - VARYING FORM OF TITLE
Title proper/short title Decimo workshop, ricerche italiane sull'atmosfera Antartica e SCAR workshop sull'oceanografia
260 ## - PUBLICATION, DISTRIBUTION, ETC. (IMPRINT)
Place of publication Bologna :
Name of publisher Italian Physical Society,
Year of publication 2004.
300 ## - PHYSICAL DESCRIPTION
Number of Pages xii, 349 p. :
Other physical details ill. ;
Dimensions 25 cm.
490 1# - SERIES STATEMENT
Series statement Conference proceedings / Italian Physical Society,
500 ## - GENERAL NOTE
General note At head of title: Italian physical society.
650 #0 - SUBJECT ADDED ENTRY--TOPICAL TERM
Topical Term Atmospheric physics
650 #0 - SUBJECT ADDED ENTRY--TOPICAL TERM
Topical Term Atmospheric chemistry
650 #0 - SUBJECT ADDED ENTRY--TOPICAL TERM
Topical Term Oceanography
650 #0 - SUBJECT ADDED ENTRY--TOPICAL TERM
Topical Term Meteorology
700 1# - ADDED ENTRY--PERSONAL NAME
Personal name Colacino, M.
710 2# - ADDED ENTRY--CORPORATE NAME
Corporate name or jurisdiction name as entry element Consiglio nazionale delle ricerche (Italy)
710 2# - ADDED ENTRY--CORPORATE NAME
Corporate name or jurisdiction name as entry element Società italiana di fisica.
856 41 - ELECTRONIC LOCATION AND ACCESS
Uniform Resource Identifier http://www.loc.gov/catdir/toc/fy0607/2006352540.html
942 ## - ADDED ENTRY ELEMENTS (KOHA)
Koha item type សៀវភៅភាសាអង់គ្លេស
952 ## - LOCATION AND ITEM INFORMATION (KOHA)
Withdrawn status [LOCAL, KOHA] 0
Holdings
Permanent Location Date acquired Koha item type Lost status Shelving location Barcode Current Location Full call number
Library Block A2017-12-26សៀវភៅភាសាអង់គ្លេស A084A10088Library Block A551 LTA 2004 A084 Or.
មជ្ឈមណ្ឌលឯការនៃសាកលវិទ្យាល័យភូមិន្ទកសិកម្មចំការដូង

Powered by Koha